[Event "FIDE World Cup 2023"]
[Site "Baku AZE"]
[Date "2023.08.07"]
[Round "3.4"]
[White "Yu, Yangyi"]
[Black "Bacrot, Etienne"]
[Result "0-1"]
[WhiteTitle "GM"]
[BlackTitle "GM"]
[WhiteElo "2735"]
[BlackElo "2662"]
[WhiteFideId "8603820"]
[BlackFideId "605506"]
[EventDate "2023.07.30"]
[EventType "k.o."]

1. e4 e6 2. d4 d5 3. e5 c5 4. c3 Nc6 5. Nf3 Qb6 6. a3 Nh6 7. Bd3 cxd4 8. O-O Nf5
9. c4 dxc4 10. Bxc4 a5 11. Bd3 a4 12. Nbd2 Qc7 13. Re1 Nfe7 14. Nc4 Ng6 15. Bxg6
hxg6 16. Nxd4 Nxd4 17. Qxd4 Bc5 18. Qf4 g5 19. Qg3 Bxf2+ 20. Qxf2 Qxc4 21. Bxg5
Bd7 22. Rad1 Bc6 23. Rf1 Rf8 24. Qb6 f6 25. exf6 gxf6 26. Bxf6 Rxf6 27. Rxf6 Qe2
28. Rxe6+ Qxe6 29. Qd4 Kf7 30. Qf4+ Kg7 31. Rf1 Re8 32. Qd4+ Kg8 33. h3 Qe3+ 34.
Qxe3 Rxe3 35. Rf2 Kg7 36. Kh2 Rb3 37. Kg1 Kg6 38. Kh2 Re3 39. Kg1 Rd3 40. Kh2
Kg5 41. Kg1 Rd4 42. Kh2 Rd5 43. Kg3 Rf5 44. Re2 Rb5 45. Rf2 Rb3+ 46. Kh2 Re3 47.
Kg1 Kg6 48. Kh2 Bb5 49. Rd2 Re2 50. Rxe2 Bxe2 51. g4 Kf6 52. Kg3 Ke5 53. h4 Bd1
54. h5 Be2 55. Kh4 Kf6 56. g5+ Kg7 57. h6+ Kg6 58. Kg3 Bd3 59. Kf4 Bc2 60. Kg4
Bd3 61. Kf4 Kh5 62. Ke3 Bh7 63. Kd2 Kxg5 64. b3 axb3 65. Kc3 Kxh6 66. Kxb3 Bd3
67. Kb4 Kg5 0-1

[Event "FIDE World Cup 2023"]
[Site "Baku AZE"]
[Date "2023.08.07"]
[Round "3.4"]
[White "Duda, Jan-Krzysztof"]
[Black "Cheparinov, Ivan"]
[Result "1-0"]
[WhiteTitle "GM"]
[BlackTitle "GM"]
[WhiteElo "2732"]
[BlackElo "2663"]
[WhiteFideId "1170546"]
[BlackFideId "2905540"]
[EventDate "2023.07.30"]
[EventType "k.o."]

1. e4 e5 2. Nf3 Nc6 3. Bb5 Nf6 4. O-O Nxe4 5. d4 Nd6 6. Bxc6 dxc6 7. dxe5 Nf5 8.
Qxd8+ Kxd8 9. h3 Ke8 10. Nc3 h5 11. Bf4 Bb4 12. Ne4 Be6 13. c3 Be7 14. g3 a5 15.
Rfe1 Rd8 16. Nfg5 Rh6 17. Nxe6 Rxe6 18. f3 c5 19. Rad1 Rxd1 20. Rxd1 a4 21. a3
Rb6 22. Rd2 g5 23. Bxg5 Bxg5 24. Nxg5 Nxg3 25. Kf2 h4 26. f4 f6 27. exf6 Rxf6
28. Kf3 Nh5 29. Kg4 Nxf4 30. Ne4 Rf7 31. Nxc5 b6 32. Ne4 Ng6 33. Kg5 Ne5 34. Re2
Nf3+ 35. Kg4 Kd7 36. Rf2 Ne5+ 37. Kxh4 Rh7+ 38. Kg3 Rg7+ 39. Kh2 Ke6 40. Ng3 Kd5
41. Rf5 Ke6 42. Rf4 Nd3 43. Re4+ Kf7 44. Rxa4 Nxb2 45. Rd4 Ke6 46. h4 c5 47.
Re4+ Kd5 48. h5 Nc4 49. Rh4 Nxa3 50. Ne4 Ke5 51. h6 Rg8 52. Kh3 Nb5 53. Ng5 Kf6
54. h7 Rh8 55. Kg4 Kg6 56. Rh3 Nc7 57. Rd3 Kf6 58. Rd6+ Ke7 59. Rg6 Nd5 60. Kf5
Ne3+ 1-0

[Event "FIDE World Cup 2023"]
[Site "Baku AZE"]
[Date "2023.08.07"]
[Round "3.4"]
[White "Le, Quang Liem"]
[Black "Ponomariov, Ruslan"]
[Result "1/2-1/2"]
[WhiteTitle "GM"]
[BlackTitle "GM"]
[WhiteElo "2728"]
[BlackElo "2664"]
[WhiteFideId "12401137"]
[BlackFideId "14103320"]
[EventDate "2023.07.30"]
[EventType "k.o."]

1. d4 Nf6 2. c4 e6 3. Nf3 d5 4. Nc3 Bb4 5. e3 O-O 6. Bd2 b6 7. cxd5 exd5 8. Bd3
c5 9. dxc5 bxc5 10. O-O Bg4 11. h3 Bh5 12. a3 Ba5 13. b4 cxb4 14. axb4 Bxb4 15.
Qa4 a5 16. Nd4 Bg6 17. Bxg6 hxg6 18. Rfb1 Ra6 19. Nc2 Bd6 20. Nd4 Nbd7 21. Qb5
Qa8 22. Nxd5 Nxd5 23. Qxd7 a4 24. Qb7 Be5 25. Qxa8 Rfxa8 26. Ra3 Rb6 27. Rba1
Bd6 28. Rd3 Be7 29. Nc2 Rb2 30. Ne1 Nb4 31. Bxb4 Bxb4 32. Rdd1 Bxe1 33. Rxe1 a3
34. Kf1 f5 35. Re2 Kf7 36. Ra2 Rxa2 37. Rxa2 Ke6 38. Ke2 Kd5 39. Kd3 g5 40. f3
Kc5 41. Kc3 Re8 42. e4 Ra8 43. exf5 Kd5 44. Kb3 Ke5 45. Re2+ Kxf5 46. Ka2 Ra6
47. Re4 Re6 48. Rg4 Re3 49. h4 gxh4 50. Rxg7 h3 51. gxh3 Rxf3 52. Rf7+ Ke4 53.
Rxf3 Kxf3 54. Kxa3 Kg3 55. h4 Kxh4 1/2-1/2

[Event "FIDE World Cup 2023"]
[Site "Baku AZE"]
[Date "2023.08.07"]
[Round "3.4"]
[White "Korobov, Anton"]
[Black "Sanal, Vahap"]
[Result "0-1"]
[WhiteTitle "GM"]
[BlackTitle "GM"]
[WhiteElo "2667"]
[BlackElo "2585"]
[WhiteFideId "14105730"]
[BlackFideId "6300545"]
[EventDate "2023.07.30"]
[EventType "k.o."]

1. Nf3 d5 2. g3 g6 3. Bg2 Bg7 4. O-O Nf6 5. d4 O-O 6. c4 c6 7. b3 Bg4 8. Bb2
Bxf3 9. Bxf3 e6 10. Nc3 Nbd7 11. e3 a6 12. Rc1 Re8 13. Bg2 h5 14. h3 Rc8 15. Ne2
Ne4 16. Qc2 Nd6 17. Nf4 h4 18. g4 Nf6 19. Rfd1 Nde4 20. Nd3 Qe7 21. Qe2 Nd7 22.
Qe1 f5 23. Rc2 Rf8 24. f3 Ng3 25. Nf4 Qf7 26. Ne2 Nxe2+ 27. Rxe2 g5 28. e4 f4
29. e5 Rfd8 30. Rc2 Qg6 31. Rdc1 Qd3 32. Kf2 dxc4 33. bxc4 c5 34. Bf1 Qe3+ 35.
Qxe3 fxe3+ 36. Kxe3 cxd4+ 37. Bxd4 Bxe5 38. Bxe5 Nxe5 39. f4 gxf4+ 40. Kxf4 Rc5
41. Ke3 Nc6 42. a4 Re5+ 43. Kf2 Rf8+ 44. Kg1 Nd4 45. Rb2 Re3 46. Rd1 Nf3+ 47.
Kf2 Ra3 48. Kg2 Rf7 49. Rdb1 Ng5 50. Rxb7 Rxb7 51. Rxb7 Ra2+ 0-1

[Event "FIDE World Cup 2023"]
[Site "Baku AZE"]
[Date "2023.08.07"]
[Round "3.4"]
[White "Berkes, Ferenc"]
[Black "Vitiugov, Nikita"]
[Result "1/2-1/2"]
[WhiteTitle "GM"]
[BlackTitle "GM"]
[WhiteElo "2615"]
[BlackElo "2720"]
[WhiteFideId "718572"]
[BlackFideId "4152956"]
[EventDate "2023.07.30"]
[EventType "k.o."]

1. d4 Nf6 2. Nf3 d6 3. g3 Nbd7 4. Bg2 e5 5. dxe5 dxe5 6. O-O c6 7. a4 Bc5 8.
Nfd2 a5 9. Nc3 Qe7 10. Nce4 O-O 11. b3 Rd8 12. Nxc5 Nxc5 13. Ba3 Bg4 14. h3 Bh5
15. Qe1 e4 16. Nc4 Re8 17. Nb6 1/2-1/2

[Event "FIDE World Cup 2023"]
[Site "Baku AZE"]
[Date "2023.08.07"]
[Round "3.4"]
[White "Vidit, Santosh Gujrathi"]
[Black "Bluebaum, Matthias"]
[Result "1-0"]
[WhiteTitle "GM"]
[BlackTitle "GM"]
[WhiteElo "2719"]
[BlackElo "2672"]
[WhiteFideId "5029465"]
[BlackFideId "24651516"]
[EventDate "2023.07.30"]
[EventType "k.o."]

1. e4 c6 2. Nf3 d5 3. Nc3 Bg4 4. h3 Bxf3 5. Qxf3 e6 6. Be2 Bc5 7. Qg3 Bd4 8. d3
Ne7 9. Bd1 O-O 10. Ne2 Bb6 11. c3 Bc7 12. f4 Nd7 13. Bc2 a5 14. h4 a4 15. h5 h6
16. e5 c5 17. d4 f5 18. Qh3 a3 19. b4 cxb4 20. cxb4 Nb6 21. Bxa3 Nc4 22. Bc1 Nc6
23. b5 Ba5+ 24. Kd1 Ne7 25. a4 Qc7 26. Qd3 Bd2 27. Ba3 Bb4 28. Bc1 Bd2 29. Ra2
Bxc1 30. Nxc1 Rfc8 31. Ke2 Qa5 32. Nb3 Qd8 33. Nc5 b6 34. Na6 Nc6 35. bxc6 Rxa6
36. g4 Rxc6 37. gxf5 exf5 38. Qxf5 Qf8 39. Qd7 Rc8 40. Rg1 Raa8 41. Qxd5+ Kh8
42. Qe4 Qg8 43. Raa1 Ra7 44. Rg6 Rac7 45. Rag1 Nxe5 46. Rxh6+ gxh6 47. Rxg8+
Kxg8 48. Bb3+ Nf7 49. Qg6+ Kf8 50. Qxb6 Rc6 51. Qb4+ Nd6 52. Kd3 Ke7 53. Qe1+
Kd8 54. a5 Ra6 55. Qe5 Rb8 56. Bc4 Rc6 57. d5 Nxc4 58. Qxb8+ Rc8 59. Qxc8+ 1-0

[Event "FIDE World Cup 2023"]
[Site "Baku AZE"]
[Date "2023.08.07"]
[Round "3.4"]
[White "Wojtaszek, Radoslaw"]
[Black "Schitco, Ivan"]
[Result "1-0"]
[WhiteTitle "GM"]
[BlackTitle "GM"]
[WhiteElo "2676"]
[BlackElo "2507"]
[WhiteFideId "1118358"]
[BlackFideId "13905465"]
[EventDate "2023.07.30"]
[EventType "k.o."]

1. d4 Nf6 2. c4 g6 3. g3 Bg7 4. Nf3 O-O 5. Bg2 d6 6. Nc3 Nbd7 7. O-O e5 8. e4
Re8 9. h3 a6 10. Be3 exd4 11. Nxd4 Nc5 12. Qc2 Bd7 13. Rad1 Qc8 14. b4 Ne6 15.
Kh2 a5 16. a3 axb4 17. axb4 Ra3 18. Ndb5 Bxb5 19. Nxb5 Rxe3 20. fxe3 Ng5 21. c5
dxc5 22. Qxc5 Nfxe4 23. Qxc7 Be5 24. Qxc8 Rxc8 25. Bxe4 Nxe4 26. Nd4 Nxg3 27.
Rfe1 Rc4 28. Kg2 Ne4 29. b5 Rc7 30. Rc1 Re7 31. Nf3 Bf6 32. Nd4 Nd6 33. b6 Re4
34. Kf3 Rh4 35. Rc7 Rxh3+ 36. Kg2 Rh5 37. Rd7 Rd5 38. Nf3 Rd3 39. e4 Bc3 40. Rc1
Bb2 41. Rc2 Ba3 42. e5 Rb3 43. exd6 Rxb6 44. Rd8+ Kg7 45. d7 Be7 46. Re8 Bf6 47.
d8=Q Bxd8 48. Rxd8 1-0

[Event "FIDE World Cup 2023"]
[Site "Baku AZE"]
[Date "2023.08.07"]
[Round "3.4"]
[White "Howell, David W L"]
[Black "Wang, Hao"]
[Result "1/2-1/2"]
[WhiteTitle "GM"]
[BlackTitle "GM"]
[WhiteElo "2677"]
[BlackElo "2709"]
[WhiteFideId "410608"]
[BlackFideId "8602883"]
[EventDate "2023.07.30"]
[EventType "k.o."]

1. e4 c5 2. Nf3 d6 3. Nc3 Nf6 4. e5 dxe5 5. Nxe5 a6 6. Qe2 Be6 7. g3 Nbd7 8. Bg2
Qc7 9. Nc4 Bxc4 10. Qxc4 e6 11. a4 Ne5 12. Qb3 Nc6 13. a5 Qe5+ 14. Kf1 Qc7 15.
Qa4 Rc8 16. d3 Be7 17. Bg5 O-O 18. Bxc6 Qxc6 19. Qxc6 Rxc6 20. Ra4 h6 21. Bxf6
Bxf6 22. Ke2 c4 23. Rxc4 Rxc4 24. dxc4 Rc8 25. Kd3 Rd8+ 26. Ke2 Rc8 27. Kd3 Rd8+
28. Ke3 Rc8 29. Ne4 Bxb2 30. Rb1 Ba3 31. Rb3 Bf8 32. Kd3 f5 33. Nc3 Rc7 34. Na4
Kf7 35. Kd4 Rd7+ 36. Kc3 Rc7 37. Rb6 g5 38. f3 h5 39. Kd4 Rd7+ 40. Ke3 Rc7 41.
Kd4 Rd7+ 42. Ke3 Rc7 1/2-1/2

[Event "FIDE World Cup 2023"]
[Site "Baku AZE"]
[Date "2023.08.07"]
[Round "3.4"]
[White "Esipenko, Andrey"]
[Black "Vallejo Pons, Francisco"]
[Result "1-0"]
[WhiteTitle "GM"]
[BlackTitle "GM"]
[WhiteElo "2683"]
[BlackElo "2706"]
[WhiteFideId "24175439"]
[BlackFideId "2205530"]
[EventDate "2023.07.30"]
[EventType "k.o."]

1. e4 c6 2. d4 d5 3. e5 Bf5 4. h4 h5 5. Bd3 Bxd3 6. Qxd3 Qa5+ 7. Nd2 e6 8. Nf3
Ne7 9. O-O Nf5 10. Nb3 Qa6 11. Qc3 Nd7 12. Bg5 Rc8 13. Qd2 c5 14. c3 Qa4 15.
Rfe1 b6 16. g3 g6 17. Kg2 Bg7 18. Qf4 b5 19. Re2 a6 20. Nbd2 Qc2 21. Rae1 Qxb2
22. Ne4 Qa3 23. Nd6+ Nxd6 24. exd6 O-O 25. Be7 cxd4 26. cxd4 Rfe8 27. Re3 Qb4
28. a3 Qc4 29. Ng5 Rxe7 30. dxe7 Nf6 31. Nxe6 fxe6 32. Rxe6 Ne8 33. Rxg6 Qc7 34.
Qf8+ Kh7 35. Qf5 Kg8 36. Re5 1-0

[Event "FIDE World Cup 2023"]
[Site "Baku AZE"]
[Date "2023.08.07"]
[Round "3.4"]
[White "Amin, Bassem"]
[Black "Grandelius, Nils"]
[Result "1/2-1/2"]
[WhiteTitle "GM"]
[BlackTitle "GM"]
[WhiteElo "2694"]
[BlackElo "2684"]
[WhiteFideId "10601457"]
[BlackFideId "1710400"]
[EventDate "2023.07.30"]
[EventType "k.o."]

1. Nf3 d5 2. g3 g6 3. Bg2 Bg7 4. d4 Nf6 5. O-O O-O 6. c4 c6 7. Nbd2 a5 8. b3 Ne4
9. Bb2 Bf5 10. Nh4 Nxd2 11. Qxd2 Be6 12. f4 a4 13. f5 Bxf5 14. Nxf5 gxf5 15.
Rxf5 e6 16. Rff1 axb3 17. axb3 Rxa1 18. Rxa1 Nd7 19. e4 dxe4 20. Bxe4 e5 21.
dxe5 Nxe5 22. Qc2 Ng6 23. Rd1 Qe7 24. Bc1 f5 25. Bd3 Ne5 26. Bxf5 Nf3+ 27. Kh1
Kh8 28. Qe4 Qxe4 29. Bxe4 Nd4 30. b4 Ne2 31. Bd2 Rd8 32. Bf3 Nc3 33. Re1 Rxd2
34. Re8+ Bf8 35. Rxf8+ Kg7 36. Rb8 Rd7 37. Kg2 h6 38. Kf2 Na2 39. b5 cxb5 40.
cxb5 Nc3 41. b6 Na4 42. Bxb7 Nxb6 43. Bc6 Rf7+ 44. Ke3 Nd7 45. Rb5 Nf6 46. Bf3
Re7+ 47. Kf4 Rf7 48. g4 Nh5+ 49. Ke3 Nf6 50. h3 Nh7 51. Bd5 Re7+ 52. Kf4 Nf6 53.
Bb3 Ne8 54. Rb6 Rc7 55. Ke5 Rc5+ 56. Kd4 Rc7 57. Ke5 Rc5+ 58. Ke6 Nf6 59. Kd6
Rc3 60. Rb7+ Kg6 61. Ke5 h5 62. Bf7+ Kg5 63. h4+ Kxh4 64. Kxf6 hxg4 65. Rb4 Rf3+
66. Kg6 Kg3 67. Bd5 Rf4 68. Rb2 Rd4 69. Bb7 Kf4 70. Kh5 Rd8 71. Rb4+ Ke5 72.
Kxg4 Rd4+ 1/2-1/2

[Event "FIDE World Cup 2023"]
[Site "Baku AZE"]
[Date "2023.08.07"]
[Round "3.4"]
[White "Svidler, Peter"]
[Black "Van Foreest, Jorden"]
[Result "1/2-1/2"]
[WhiteTitle "GM"]
[BlackTitle "GM"]
[WhiteElo "2688"]
[BlackElo "2693"]
[WhiteFideId "4102142"]
[BlackFideId "1039784"]
[EventDate "2023.07.30"]
[EventType "k.o."]

1. d4 Nf6 2. Nf3 d5 3. c4 e6 4. Nc3 Nbd7 5. cxd5 exd5 6. Bf4 Nb6 7. Qc2 Bd6 8.
Bxd6 Qxd6 9. e3 c6 10. Bd3 O-O 11. O-O g6 12. Rab1 a5 13. a3 a4 14. h3 Nh5 15.
Rfe1 Be6 16. b3 axb3 17. Rxb3 Nd7 18. Rxb7 Rxa3 19. Rc1 Ra5 20. Qb2 Rfa8 21. Qb4
c5 22. dxc5 Rxc5 23. Rb5 Rac8 24. Rxc5 Rxc5 25. Ra1 Nhf6 26. Qd4 Qc7 27. Ne2 Qd6
28. Nf4 Kg7 29. g4 h6 30. Ra6 Rc6 31. Rxc6 Qxc6 32. Ne5 Qb6 33. Qxb6 Nxb6 34.
Nxe6+ fxe6 1/2-1/2

[Event "FIDE World Cup 2023"]
[Site "Baku AZE"]
[Date "2023.08.07"]
[Round "3.4"]
[White "Nihal, Sarin"]
[Black "Deac, Bogdan-Daniel"]
[Result "1/2-1/2"]
[WhiteTitle "GM"]
[BlackTitle "GM"]
[WhiteElo "2688"]
[BlackElo "2693"]
[WhiteFideId "25092340"]
[BlackFideId "1226380"]
[EventDate "2023.07.30"]
[EventType "k.o."]

1. d4 f5 2. g3 Nf6 3. Bg2 g6 4. Nf3 Bg7 5. O-O O-O 6. b3 d6 7. Bb2 c6 8. c4 Na6
9. Nc3 Qe8 10. d5 Bd7 11. Re1 Nc5 12. Qc2 Rc8 13. Rad1 h6 14. Nd4 Nce4 15. Nxe4
Nxe4 16. Bxe4 fxe4 17. Ne6 Bxe6 18. Bxg7 cxd5 19. Bxf8 Qxf8 20. Qb1 Qf5 21. cxd5
Bxd5 22. Qb2 Bc6 23. Qd4 a6 24. Qe3 Rf8 25. Rf1 g5 26. f3 exf3 27. exf3 Rf7 28.
Rf2 Bxf3 29. Rdf1 g4 30. Qxh6 Rf6 31. Qe3 Kf7 32. h4 d5 33. Re1 Qd7 34. Qg5 Qd6
35. Kh2 d4 36. Qh5+ Kg7 37. Qg5+ Kf8 38. Rc1 Qe6 39. Rc4 Kf7 40. Qh5+ Kg7 41.
Rxd4 Qe1 42. Rxg4+ Bxg4 43. Qxg4+ Kh7 1/2-1/2

[Event "FIDE World Cup 2023"]
[Site "Baku AZE"]
[Date "2023.08.07"]
[Round "3.5"]
[White "Abasov, Nijat"]
[Black "Giri, Anish"]
[Result "1/2-1/2"]
[WhiteTitle "GM"]
[BlackTitle "GM"]
[WhiteElo "2632"]
[BlackElo "2775"]
[WhiteFideId "13402960"]
[BlackFideId "24116068"]
[EventDate "2023.07.30"]
[EventType "k.o."]

1. d4 Nf6 2. c4 e6 3. Nf3 d5 4. Nc3 Be7 5. Bg5 h6 6. Bh4 O-O 7. e3 b6 8. Be2
dxc4 9. Bxc4 Bb7 10. O-O Nbd7 11. Qe2 Ne4 12. Bxe7 Qxe7 13. Nxe4 Bxe4 14. Rac1
c5 15. Rfd1 Rfd8 16. h3 Bxf3 17. Qxf3 cxd4 18. Rxd4 Ne5 19. Qe4 Nxc4 20. Rdxc4
Rab8 21. g3 Rd7 22. Rc8+ 1/2-1/2

[Event "FIDE World Cup 2023"]
[Site "Baku AZE"]
[Date "2023.08.07"]
[Round "3.5"]
[White "Moussard, Jules"]
[Black "So, Wesley"]
[Result "0-1"]
[WhiteTitle "GM"]
[BlackTitle "GM"]
[WhiteElo "2654"]
[BlackElo "2769"]
[WhiteFideId "642908"]
[BlackFideId "5202213"]
[EventDate "2023.07.30"]
[EventType "k.o."]

1. e4 e5 2. Nf3 Nc6 3. Bb5 a6 4. Ba4 Nf6 5. O-O Be7 6. d3 b5 7. Bb3 d6 8. c3 O-O
9. Re1 Na5 10. Bc2 c5 11. Nbd2 Nc6 12. Nf1 h6 13. a4 Be6 14. Ne3 Re8 15. Bb3 c4
16. axb5 axb5 17. Rxa8 Qxa8 18. Bc2 Bf8 19. Qe2 cxd3 20. Bxd3 b4 21. c4 Nd7 22.
Nd5 Qb7 23. Be3 Ra8 24. h3 Nc5 25. Bb1 Ra1 26. Rd1 Qa6 27. Nd2 Bxd5 28. exd5 Nd4
29. Bxd4 exd4 30. Ne4 d3 31. Qg4 Nxe4 32. Qxe4 g6 33. Qxd3 Bg7 34. b3 Bf6 35. g3
Kg7 36. Kg2 h5 37. h4 Bc3 38. g4 Qc8 39. gxh5 Qg4+ 40. Kf1 Qxh5 41. c5 dxc5 42.
d6 Bd4 43. d7 Ra8 44. Re1 Qxh4 45. Qf3 Rd8 46. Re4 Qh6 47. Bd3 Rxd7 48. Bc4 Ra7
49. Kg2 Qg5+ 50. Rg4 Qd8 51. Qe4 Ra2 52. Rf4 Qg5+ 53. Kf1 f5 54. Qb7+ Kh6 55.
Rf3 Qh4 0-1

[Event "FIDE World Cup 2023"]
[Site "Baku AZE"]
[Date "2023.08.07"]
[Round "3.5"]
[White "Le, Quang Liem"]
[Black "Ponomariov, Ruslan"]
[Result "0-1"]
[WhiteTitle "GM"]
[BlackTitle "GM"]
[WhiteElo "2728"]
[BlackElo "2664"]
[WhiteFideId "12401137"]
[BlackFideId "14103320"]
[EventDate "2023.07.30"]
[EventType "k.o."]

1. d4 Nf6 2. c4 e6 3. Nc3 Bb4 4. e3 O-O 5. a3 Bxc3+ 6. bxc3 c5 7. Bd3 Nc6 8. Nf3
d6 9. e4 e5 10. d5 Ne7 11. h3 Ng6 12. g3 Bd7 13. Be3 Qc8 14. g4 h5 15. g5 Nh7
16. Ng1 f5 17. Qxh5 Be8 18. Qe2 f4 19. Bd2 Nh4 20. Qg4 Qxg4 21. hxg4 Ng6 22. Nf3
Bd7 23. Ke2 Bxg4 24. Rag1 Bd7 25. Kd1 Rfb8 26. Bf1 Nhf8 27. Bh3 Bxh3 28. Rxh3
Kf7 29. Kc2 Nd7 30. Rgh1 Nb6 31. Kb3 Nc8 32. Kc2 Nce7 33. Rb1 b6 34. Rhh1 Rh8
35. Kd3 Rxh1 36. Rxh1 Rh8 37. Rxh8 Nxh8 38. Nh4 Ke8 39. Ke2 Nf7 40. Nf3 Nd8 41.
Nh4 Kf7 42. Be1 Nb7 43. Kd3 Ng6 44. Nf5 Nf8 45. Nh4 g6 46. Ke2 Nh7 47. Nf3 Kg7
48. Kf1 Nd8 49. Kg2 Nf7 50. Nd2 Nhxg5 51. f3 Nh7 52. a4 g5 53. Nb3 Nf6 54. a5
Kg6 55. axb6 axb6 56. Na1 Kh5 57. Nc2 g4 0-1

[Event "FIDE World Cup 2023"]
[Site "Baku AZE"]
[Date "2023.08.07"]
[Round "3.5"]
[White "Vidit, Santosh Gujrathi"]
[Black "Bluebaum, Matthias"]
[Result "1/2-1/2"]
[WhiteTitle "GM"]
[BlackTitle "GM"]
[WhiteElo "2719"]
[BlackElo "2672"]
[WhiteFideId "5029465"]
[BlackFideId "24651516"]
[EventDate "2023.07.30"]
[EventType "k.o."]

1. e4 e6 2. d4 d5 3. Nc3 Nf6 4. e5 Nfd7 5. f4 c5 6. Nf3 Nc6 7. Be3 a6 8. Qd2 b5
9. h4 Bb7 10. Qf2 Qa5 11. Bd3 b4 12. Nd1 cxd4 13. Nxd4 Nxd4 14. Bxd4 Bc5 15. O-O
Bxd4 16. Qxd4 Qc5 17. c3 bxc3 18. bxc3 O-O 19. Ne3 Rfc8 20. Rfc1 a5 21. Rab1 Ba6
22. Bc2 Qc7 23. h5 h6 24. Ng4 Kh8 25. Ba4 Nc5 26. Bc2 Be2 27. Ne3 Bxh5 28. c4
dxc4 29. Nxc4 Rd8 30. Nd6 Qa7 31. Rb5 Na6 32. Qxa7 Rxa7 33. Rxa5 Kg8 34. Bd3 Rc7
35. Rxc7 Nxc7 36. Bc4 Ne8 37. Ra6 Bd1 38. a4 Bxa4 39. Nxf7 Kxf7 40. Rxa4 Ke7 41.
Ra6 Nc7 42. Ra7 Rd7 43. Kf2 g5 44. fxg5 hxg5 45. Kf3 Kd8 46. Ra3 Ke7 47. g3 Rd4
48. Bd3 Nd5 49. Ra7+ Kf8 50. Bg6 Ne7 51. Be4 Nd5 52. Bg6 Ne7 53. Be4 Nd5 54.
Bxd5 Rxd5 55. Ke4 Rb5 56. Rh7 Rb4+ 57. Kf3 Rb5 58. Ke4 Rb4+ 59. Kf3 Rb5 60. Ke4
Rb4+ 1/2-1/2

[Event "FIDE World Cup 2023"]
[Site "Baku AZE"]
[Date "2023.08.07"]
[Round "3.6"]
[White "Giri, Anish"]
[Black "Abasov, Nijat"]
[Result "1/2-1/2"]
[WhiteTitle "GM"]
[BlackTitle "GM"]
[WhiteElo "2775"]
[BlackElo "2632"]
[WhiteFideId "24116068"]
[BlackFideId "13402960"]
[EventDate "2023.07.30"]
[EventType "k.o."]

1. d4 Nf6 2. c4 e6 3. Nf3 d5 4. g3 dxc4 5. Bg2 Bb4+ 6. Bd2 a5 7. Qc2 Bxd2+ 8.
Qxd2 c6 9. a4 b5 10. axb5 cxb5 11. Qg5 Nbd7 12. Qxg7 Rg8 13. Qh6 Bb7 14. O-O Rc8
15. Nbd2 Rg6 16. Qh4 Rg4 17. Qh6 Rg6 18. Qh4 Rg4 19. Qh6 1/2-1/2

[Event "FIDE World Cup 2023"]
[Site "Baku AZE"]
[Date "2023.08.07"]
[Round "3.6"]
[White "So, Wesley"]
[Black "Moussard, Jules"]
[Result "1/2-1/2"]
[WhiteTitle "GM"]
[BlackTitle "GM"]
[WhiteElo "2769"]
[BlackElo "2654"]
[WhiteFideId "5202213"]
[BlackFideId "642908"]
[EventDate "2023.07.30"]
[EventType "k.o."]

1. d4 g6 2. e4 Bg7 3. Nf3 d6 4. Bc4 e6 5. O-O Ne7 6. Qe2 a6 7. a4 b6 8. Nbd2 Bb7
9. c3 O-O 10. Rd1 c5 11. dxc5 bxc5 12. Nb3 Qc7 13. Bf4 e5 14. Bg5 Nbc6 15. Qd3
Nc8 16. a5 h6 17. Be3 N6e7 18. h4 Kh8 19. Nfd2 f5 20. f3 Qc6 21. h5 gxh5 22. Be6
f4 23. Bf2 Na7 24. Nc4 Rf6 25. Bh3 Qb5 26. Ra3 d5 27. exd5 Bxd5 28. Nb6 c4 29.
Qf1 Rd8 30. Nxc4 Nac6 31. Nb6 Qxf1+ 32. Kxf1 Bc4+ 33. Ke1 Rxd1+ 34. Kxd1 Rd6+
35. Ke1 Bxb3 36. Rxb3 Nxa5 37. Ra3 Nec6 38. b4 Nb7 39. Nc4 Rd3 40. Bf5 Rd8 1/2-1/2

[Event "FIDE World Cup 2023"]
[Site "Baku AZE"]
[Date "2023.08.07"]
[Round "3.6"]
[White "Ponomariov, Ruslan"]
[Black "Le, Quang Liem"]
[Result "1/2-1/2"]
[WhiteTitle "GM"]
[BlackTitle "GM"]
[WhiteElo "2664"]
[BlackElo "2728"]
[WhiteFideId "14103320"]
[BlackFideId "12401137"]
[EventDate "2023.07.30"]
[EventType "k.o."]

1. e4 c5 2. Nf3 d6 3. Bb5+ Nd7 4. O-O a6 5. Bd3 Ngf6 6. c3 e6 7. Re1 Be7 8. Bc2
b5 9. d4 Bb7 10. Nbd2 Qc7 11. e5 dxe5 12. dxe5 Nd5 13. Ne4 O-O-O 14. Ng3 h5 15.
h4 N5b6 16. Bf4 Nxe5 17. Bxe5 Rxd1 18. Raxd1 Qc6 19. Be4 Qe8 20. Bxg7 Bxe4 21.
Nxe4 Rg8 22. Bf6 Nd5 23. Bxe7 Qxe7 24. g3 Rd8 25. Ne5 Rf8 26. c4 bxc4 27. Nxc4
Kb8 28. Ne3 Rd8 29. Rc1 Nb4 30. Nxc5 Rc8 31. Rc4 Rxc5 32. Rxb4+ Rb5 33. Ra4 Rxb2
34. Rxa6 Qb4 35. Rd1 Rb1 36. Rd6 Rxd1+ 37. Rxd1 Kc7 38. Rc1+ Kd7 39. Kg2 Qe4+
40. Kg1 e5 41. Rd1+ Ke6 42. Rd8 Qb1+ 43. Kg2 Qxa2 44. Re8+ Kf6 45. g4 hxg4 46.
Nxg4+ Kf5 47. Nxe5 Qa4 48. Nxf7 Qg4+ 49. Kf1 Qc4+ 50. Kg2 Qxf7 51. Re3 Qd5+ 52.
Kg1 Kg4 53. Rg3+ Kf4 54. Re3 Qh5 55. Rg3 Qxh4 56. Re3 Qh7 57. Rg3 Qb1+ 58. Kg2
Qe4+ 59. Kg1 Qd4 60. Re3 1/2-1/2

[Event "FIDE World Cup 2023"]
[Site "Baku AZE"]
[Date "2023.08.07"]
[Round "3.6"]
[White "Bluebaum, Matthias"]
[Black "Vidit, Santosh Gujrathi"]
[Result "1/2-1/2"]
[WhiteTitle "GM"]
[BlackTitle "GM"]
[WhiteElo "2672"]
[BlackElo "2719"]
[WhiteFideId "24651516"]
[BlackFideId "5029465"]
[EventDate "2023.07.30"]
[EventType "k.o."]

1. d4 d5 2. c4 c6 3. Nf3 Nf6 4. Nc3 e6 5. e3 Nbd7 6. Be2 Bd6 7. O-O O-O 8. a4 a6
9. Qc2 e5 10. cxd5 cxd5 11. dxe5 Nxe5 12. Rd1 Qc7 13. h3 Nxf3+ 14. Bxf3 Be6 15.
Qd3 Rad8 16. Bd2 Bh2+ 17. Kh1 Be5 18. Qe2 Rfe8 19. a5 d4 20. exd4 Bxd4 21. Be3
Bc4 22. Qe1 h5 23. Rd2 Ba7 24. Rxd8 Qxd8 25. Qd1 Qxd1+ 26. Nxd1 Bxe3 27. Nxe3
Bd3 28. Kg1 Be4 29. Be2 g6 30. Rc1 Re7 31. Rc5 Rd7 32. Bc4 Kg7 33. f3 Bd3 34.
Kf2 h4 35. Bxd3 Rxd3 36. Nc4 Rb3 37. Rc7 Nd5 38. Rd7 Nf4 39. Kf1 g5 40. Nd6 Rd3
41. Ne8+ Kg6 42. Rxd3 Nxd3 43. Nd6 Nxb2 44. Nxb7 Nd3 45. Ke2 Nf4+ 46. Kf2 Ne6
47. g3 f5 48. gxh4 gxh4 49. Ke3 Kf6 50. Nd6 Ke5 51. Nf7+ Kf6 52. Nd6 Ke5 53.
Nf7+ Kd5 54. f4 Nc5 55. Ne5 Nb3 56. Nf3 Nxa5 57. Nxh4 Nc4+ 58. Kd3 Nd6 59. Ng2
Ne4 60. Ne3+ Ke6 61. Kc4 Ng3 62. Kb4 Nh5 63. Nxf5 Kxf5 64. Ka5 Nxf4 65. Kxa6
Nxh3 1/2-1/2